[Event "POL-chT3"]
[Site "Jastrzebia Gora POL"]
[Date "2015.??.??"]
[Round "3.20"]
[White "Krainski, Aleksander"]
[Black "Reza, Wojciech"]
[Result "1-0"]
[WhiteElo "2134"]
[BlackElo "2272"]
[EventDate "2015.??.??"]
[WhiteTitle "FM"]
[BlackTitle "k+"]

1.d4 Nf6 2.Nf3 g6 3.e3 Bg7 4.Be2 c5 5.O-O b6 6.c4 cxd4 7.exd4 d5 8.Nc3 O-O
9.Ne5 Bb7 10.Bf3 Na6 11.Re1 Nc7 12.Qa4 Ne6 13.Be3 Qd6 14.Rad1 Rfd8 15.b4 
a5 16.c5 bxc5 17.bxc5 Qc7 18.c6 Ba6 19.Rb1 g5 20.g3 Nc5 21.Qc2 g4 22.Bg2 
Ne6 23.Qf5 Qd6 24.Nxg4 Nxg4 25.Qxg4 Bd3 26.Rbd1 h5 27.Qxh5 Bc4 28.Bh6 Qxc6
29.Qg4 Kf8 30.Rxe6 Qxe6 31.Qxg7+ Ke8 32.Na4 Qf6 33.Qxf6 exf6 34.Re1+ Kd7 
35.Nb6+ Kd6 36.Bf4+ 1-0

[Event "POL-chT3"]
[Site "Jastrzebia Gora POL"]
[Date "2015.??.??"]
[Round "3.21"]
[White "Puczylowski, Marcin"]
[Black "Karpus, Michal"]
[Result "1/2-1/2"]
[WhiteElo "2119"]
[BlackElo "2303"]
[EventDate "2015.??.??"]
[WhiteTitle "k"]
[BlackTitle "FM"]

1.e4 e5 2.Nf3 Nc6 3.d4 exd4 4.Bc4 Bc5 5.c3 Nf6 6.cxd4 Bb4+ 7.Bd2 Bxd2+ 8.
Nbxd2 d5 9.exd5 Nxd5 10.Ne5 O-O 11.Nxc6 bxc6 12.O-O Nb6 13.Bd3 Qxd4 14.Qc2
h6 15.Nf3 Qf6 16.Rac1 Be6 17.Qxc6 Rad8 18.Bb1 Qxb2 19.Qe4 g6 20.Qh4 Kg7 
21.Rxc7 Nd5 22.Rc2 Qb6 23.Qd4+ Nf6 24.Qxb6 axb6 25.Re1 Rfe8 26.Rb2 Rd6 27.
Bc2 Ra8 28.Bb3 Bxb3 29.axb3 Ra3 30.h3 Rd3 31.Reb1 Nd7 32.Ne1 Rc3 33.Nc2 
Ra8 34.Ne3 b5 35.Rc2 Rac8 36.Rxc3 Rxc3 37.Nd5 Rc2 38.Ne3 Rc3 39.Nd5 Rc2 
40.Ne3 Rc3 41.Nd5 1/2-1/2

[Event "POL-chT3"]
[Site "Jastrzebia Gora POL"]
[Date "2015.??.??"]
[Round "3.22"]
[White "Karbowiak, Adam"]
[Black "Zurkowski, Andrzej"]
[Result "1-0"]
[WhiteElo "2153"]
[BlackElo "2086"]
[EventDate "2015.??.??"]
[WhiteTitle "k+"]
[BlackTitle "k+"]

1.Nf3 d5 2.g3 c6 3.Bg2 Bg4 4.O-O Nd7 5.d4 e6 6.c4 Bd6 7.Nc3 Ngf6 8.Qb3 Qb6
9.c5 Qxb3 10.axb3 Bc7 11.b4 O-O 12.b5 e5 13.bxc6 bxc6 14.dxe5 Bxe5 15.Nxe5
Nxe5 16.h3 Bc8 17.f4 Ned7 18.b4 Rb8 19.b5 d4 20.bxc6 dxc3 21.cxd7 Bxd7 22.
c6 Bf5 23.Rxa7 Rfe8 24.c7 Rbc8 25.g4 Be4 26.Bxe4 Nxe4 27.Rd1 h5 28.Kg2 Kh7
29.Kf3 Re7 30.Rd4 Nd2+ 31.Bxd2 cxd2 32.Rxd2 hxg4+ 33.hxg4 Rexc7 34.Rd7 
Rxa7 35.Rxa7 f6 36.Ra5 Rc7 37.g5 Kg6 38.Kg4 Kf7 39.Kh5 Re7 40.g6+ Ke6 41.
Kg4 Kd6 42.Kf5 Rxe2 43.Ra6+ Ke7 44.Ra7+ Kf8 45.Ra8+ Re8 46.Rxe8+ Kxe8 47.
Ke6 Kf8 48.Kd7 Kg8 49.Ke7 f5 50.Ke8 Kh8 51.Kd7 Kg8 52.Ke7 Kh8 53.Ke6 Kg8 
54.Kxf5 Kf8 55.Ke6 Ke8 56.f5 Kf8 57.Kd7 Kg8 58.Ke7 Kh8 59.f6 gxf6 60.Kf7 
1-0

[Event "POL-chT3"]
[Site "Jastrzebia Gora POL"]
[Date "2015.??.??"]
[Round "3.23"]
[White "Kanarkiewicz, Michal"]
[Black "Krainski, Slawomir"]
[Result "1/2-1/2"]
[WhiteElo "2077"]
[BlackElo "2124"]
[EventDate "2015.??.??"]
[WhiteTitle "k"]
[BlackTitle "k"]

1.e4 e5 2.Nf3 Nc6 3.Bb5 Nge7 4.Nc3 g6 5.d4 exd4 6.Nd5 Bg7 7.Bg5 h6 8.Bf6 
Bxf6 9.Nxf6+ Kf8 10.O-O a6 11.Bxc6 dxc6 12.Qxd4 Qxd4 13.Nxd4 Kg7 14.e5 c5 
15.Nb3 b6 16.Rad1 Bf5 17.c3 Rhd8 18.f4 h5 19.Rxd8 Rxd8 20.Rf2 Rd1+ 21.Rf1 
Rd8 22.Rf2 Rd1+ 23.Rf1 Rd8 1/2-1/2

[Event "POL-chT3"]
[Site "Jastrzebia Gora POL"]
[Date "2015.??.??"]
[Round "3.24"]
[White "Pacuszka, Wioletta"]
[Black "Kasperek, Joanna"]
[Result "1/2-1/2"]
[WhiteElo "1943"]
[BlackElo "2051"]
[EventDate "2015.??.??"]
[WhiteTitle "I+"]
[BlackTitle "k++"]

1.e4 c5 2.Nf3 Nc6 3.d4 cxd4 4.Nxd4 e5 5.Nf3 Nf6 6.Nc3 Bb4 7.Bg5 Bxc3+ 8.
bxc3 Qa5 9.Qd3 Nxe4 10.Bd2 d5 11.Qb5 Nxd2 12.Kxd2 Qd8 13.Qc5 e4 14.Re1 Be6
15.Nd4 Nxd4 16.cxd4 a6 17.Re3 Rc8 18.Qb4 Qf6 19.f3 exf3 20.gxf3 Qe7 21.
Qxe7+ Kxe7 22.Bd3 g6 23.Rb1 b5 24.a4 bxa4 25.Ra1 Rc6 26.Rxa4 Ra8 27.c4 Kf6
28.c5 Rb8 29.Rxa6 Rxa6 30.Bxa6 Bd7 31.Kc3 Ba4 32.Bd3 Rb3+ 33.Kd2 Rb2+ 34.
Kc3 Rb3+ 35.Kd2 Rb2+ 36.Kc3 Rb3+ 1/2-1/2

[Event "POL-chT3"]
[Site "Jastrzebia Gora POL"]
[Date "2015.??.??"]
[Round "3.25"]
[White "Krogulski, Grzegorz"]
[Black "Nguyen, Piotr"]
[Result "0-1"]
[WhiteElo "2304"]
[BlackElo "2327"]
[EventDate "2015.??.??"]
[WhiteTitle "m"]
[BlackTitle "m"]

1.e4 c5 2.Nf3 g6 3.d4 cxd4 4.Nxd4 Nc6 5.Nc3 Bg7 6.Be3 Nf6 7.Bc4 O-O 8.Bb3 
a5 9.Nxc6 bxc6 10.e5 Ne8 11.f4 d5 12.O-O Nc7 13.Na4 Ne6 14.Bb6 Qe8 15.Rf2 
Ba6 16.Rc1 f6 17.c4 dxc4 18.Rxc4 Bxc4 19.Bxc4 Kh8 20.Bxe6 fxe5 21.f5 Rf6 
22.Nc5 gxf5 23.Rxf5 Rb8 24.Rxf6 exf6 25.Bxa5 Bh6 26.Bd7 Qe7 27.Na4 Rb5 28.
Bxc6 Rxa5 29.b4 Ra7 30.b5 Qb4 31.b6 Be3+ 32.Kf1 Bxb6 33.Qh5 0-1

[Event "POL-chT3"]
[Site "Jastrzebia Gora POL"]
[Date "2015.??.??"]
[Round "3.26"]
[White "Licznerski, Lukasz"]
[Black "Sygulski, Boguslaw"]
[Result "1-0"]
[WhiteElo "2293"]
[BlackElo "2242"]
[EventDate "2015.??.??"]
[WhiteTitle "FM"]
[BlackTitle "IM"]

1.e4 e5 2.Nf3 Nc6 3.d4 exd4 4.Nxd4 Bc5 5.Nb3 Bb6 6.Nc3 Qf6 7.Qe2 Nge7 8.
Be3 Bxe3 9.Qxe3 a6 10.O-O-O d6 11.Be2 O-O 12.g4 Qh4 13.h3 Be6 14.Nd2 f6 
15.f4 g5 16.f5 Bf7 17.Nf3 Qg3 18.Rdg1 Qf4 19.Qxf4 gxf4 20.g5 fxg5 21.Nxg5 
Kh8 22.Rg4 Bg8 23.Rxf4 Rf6 24.Rg1 Raf8 25.Rh4 Ne5 26.Nd1 d5 27.Ne3 dxe4 
28.Rxe4 N7c6 29.Rh4 Rd6 30.c3 Nd3+ 31.Kc2 Nxb2 32.Ne4 Rd7 33.Kxb2 Rd6 1-0

[Event "POL-chT3"]
[Site "Jastrzebia Gora POL"]
[Date "2015.??.??"]
[Round "3.27"]
[White "Markiewicz, Jerzy"]
[Black "Flak, Pawel"]
[Result "1-0"]
[WhiteElo "2251"]
[BlackElo "2223"]
[EventDate "2015.??.??"]
[WhiteTitle "FM"]
[BlackTitle "k"]

1.e4 Nf6 2.e5 Nd5 3.d4 d6 4.c4 Nb6 5.exd6 cxd6 6.Nc3 Bf5 7.Nf3 e6 8.Be3 
Be7 9.Be2 O-O 10.Rc1 Nc6 11.d5 Ne5 12.Nxe5 dxe5 13.d6 Bg5 14.Qd2 Bxe3 15.
Qxe3 Rc8 16.c5 Nd7 17.b4 a5 18.a3 axb4 19.axb4 Qh4 20.g4 Bxg4 21.Qg3 Qh6 
22.Qe3 Qh5 23.Bxg4 Qxg4 24.Qe4 Qg5 25.Ne2 Nf6 26.Qxb7 Rb8 27.Qf3 Rxb4 28.
Rg1 Qh4 29.c6 Rc4 30.Rxc4 Qxc4 31.Qxf6 Qb4+ 32.Kf1 Qb1+ 33.Kg2 Qc2 34.Qf3 
e4 35.Qc3 Qxe2 36.c7 e3 37.Qxe3 Qg4+ 38.Kh1 Qh5 39.Qc3 1-0

[Event "POL-chT3"]
[Site "Jastrzebia Gora POL"]
[Date "2015.??.??"]
[Round "3.28"]
[White "Grzelak, Artur"]
[Black "Zaskalski, Arkadiusz"]
[Result "1/2-1/2"]
[WhiteElo "2147"]
[BlackElo "2184"]
[EventDate "2015.??.??"]
[WhiteTitle "m"]
[BlackTitle "k"]

1.d4 Nf6 2.Bf4 c5 3.e3 g6 4.Nf3 Bg7 5.Be2 Qb6 6.Qc1 Nc6 7.c3 d5 8.h3 O-O 
9.Nbd2 Nd7 10.O-O e5 11.dxe5 Ndxe5 12.Rd1 Rd8 13.Bg5 f6 14.Bh4 Be6 15.Nxe5
Nxe5 16.Nf3 Nf7 17.Qc2 Nd6 18.Bg3 Rac8 19.Qb3 Qxb3 20.axb3 a6 21.b4 Nf5 
22.Bf4 cxb4 23.g4 Ne7 24.Nd4 Bf7 25.cxb4 Nc6 26.Nxc6 Rxc6 27.b5 Rc2 28.
bxa6 bxa6 29.Bxa6 Rxb2 30.Bf1 f5 31.gxf5 gxf5 32.Ra5 Bf6 33.Bg3 Be6 34.Ra4
Rb7 35.Bg2 Rbd7 36.Bh4 Kg7 37.Kf1 Rc8 38.Bxf6+ Kxf6 39.Ra5 Rcd8 40.Rd4 Rd6
41.Ke2 Bf7 42.Kf3 Rc8 43.Ra2 Rg8 44.Bf1 Ke5 45.Rh4 Bg6 46.Bd3 Rgd8 47.Ra5 
Rb8 48.Ra2 Rbd8 49.Ra5 Rb8 50.Ra2 Rbd8 51.Ra5 Rb8 52.Rb5 Rxb5 53.Bxb5 Rb6 
54.Bd3 Rb3 55.Rd4 Rb2 56.Kg3 Rb6 57.Be2 1/2-1/2

[Event "POL-chT3"]
[Site "Jastrzebia Gora POL"]
[Date "2015.??.??"]
[Round "3.29"]
[White "Markiewicz, Mateusz"]
[Black "Szymczak, Rafal"]
[Result "1-0"]
[WhiteElo "2040"]
[BlackElo "2062"]
[EventDate "2015.??.??"]
[WhiteTitle "I++"]
[BlackTitle "k"]

1.e4 d5 2.exd5 Qxd5 3.Nc3 Qa5 4.d4 Nf6 5.Nf3 Bf5 6.Bd2 a6 7.Bc4 Qb4 8.Ne5 
e6 9.a3 Qb6 10.d5 Nbd7 11.Nxd7 Nxd7 12.dxe6 Bxe6 13.Qe2 O-O-O 14.Bxe6 Qxe6
15.Qxe6 fxe6 16.Bg5 Nf6 17.Bxf6 gxf6 18.Ke2 f5 19.Rad1 Bg7 20.Kf3 Bxc3 21.
bxc3 Rhg8 22.h3 h5 23.Rhe1 Rg6 24.g3 Rd6 25.Rxd6 cxd6 26.Kf4 Kd7 27.Rb1 
Kc6 28.Rb4 Rg7 29.Rc4+ Kd5 30.Rc8 e5+ 31.Kxf5 Rf7+ 32.Kg5 Rxf2 33.Kxh5 e4 
34.g4 Rxc2 35.g5 e3 36.Re8 Rxc3 37.g6 e2 38.h4 Rxa3 39.Rxe2 Rg3 40.Kh6 b5 
41.g7 b4 42.Kh7 b3 43.g8=Q+ Rxg8 44.Kxg8 a5 45.h5 a4 46.h6 a3 47.h7 b2 48.
h8=Q b1=Q 49.Qh5+ Kc4 50.Qg4+ Kc5 51.Rc2+ Kd5 52.Qf5+ Kd4 53.Rd2+ Kc3 1-0

[Event "POL-chT3"]
[Site "Jastrzebia Gora POL"]
[Date "2015.??.??"]
[Round "3.30"]
[White "Leszner, Liliana"]
[Black "Jalowiec, Halina"]
[Result "1-0"]
[WhiteElo "2027"]
[BlackElo "1985"]
[EventDate "2015.??.??"]
[WhiteTitle "WIM"]
[BlackTitle "WFM"]

1.e4 e6 2.d3 d5 3.Nd2 c5 4.g3 Nc6 5.Bg2 g6 6.Ngf3 Bg7 7.O-O Nge7 8.c3 O-O 
9.Re1 e5 10.exd5 Nxd5 11.Nc4 Re8 12.Qb3 Nc7 13.Ng5 Ne6 14.Ne4 Bf8 15.h4 
Kg7 16.Be3 f5 17.Bg5 Nxg5 18.Nxg5 Qf6 19.Bxc6 bxc6 20.Nxe5 h6 21.Ngf3 g5 
22.hxg5 hxg5 23.Nxg5 Rxe5 24.Rxe5 Qxg5 25.Re8 f4 26.Rxc8 fxg3 27.Qb7+ Be7 
28.Rxa8 gxf2+ 29.Kf1 Qg1+ 30.Ke2 Qg4+ 31.Kd2 Qf4+ 32.Kc2 Qe3 33.Rxa7 1-0

[Event "POL-chT3"]
[Site "Jastrzebia Gora POL"]
[Date "2015.??.??"]
[Round "3.31"]
[White "Sopur, Lech"]
[Black "Kolosowski, Pawel"]
[Result "1-0"]
[WhiteElo "2419"]
[BlackElo "2215"]
[EventDate "2015.??.??"]
[WhiteTitle "m"]
[BlackTitle "m"]

1.d4 Nf6 2.c4 g6 3.Nc3 Bg7 4.e4 d6 5.Be2 O-O 6.Be3 e5 7.d5 Na6 8.g4 Nc5 9.
f3 a5 10.Qd2 c6 11.Nh3 cxd5 12.cxd5 Bd7 13.Nf2 a4 14.Nd3 Nxd3+ 15.Bxd3 Qa5
16.Nd1 Qxd2+ 17.Kxd2 Rfc8 18.Rc1 Rxc1 19.Kxc1 Ne8 20.Nc3 Nc7 21.Kd2 Na6 
22.Bb5 Bxb5 23.Nxb5 Bf8 24.Rc1 Be7 25.Ke2 f5 26.Rc4 fxe4 27.fxe4 a3 28.b3 
Bf8 29.Nc7 Nxc7 30.Rxc7 b5 31.Bg5 Bg7 32.Be7 Bf8 33.Bf6 Rb8 34.Kd3 h6 35.
h4 b4 36.h5 g5 37.Kc4 Rb6 38.Bd8 Rb8 39.Rd7 Kh8 40.Ba5 Rc8+ 41.Bc7 1-0

[Event "POL-chT3"]
[Site "Jastrzebia Gora POL"]
[Date "2015.??.??"]
[Round "3.32"]
[White "Lapaj, Mateusz"]
[Black "Sapis, Witalis"]
[Result "0-1"]
[WhiteElo "2133"]
[BlackElo "2396"]
[EventDate "2015.??.??"]
[WhiteTitle "k+"]
[BlackTitle "IM"]

1.d4 Nf6 2.Nf3 c6 3.g3 d5 4.Bg2 Bf5 5.O-O e6 6.c4 Be7 7.Nc3 h6 8.b3 O-O 9.
Bb2 Nbd7 10.Re1 Qa5 11.Qd2 Ba3 12.Bxa3 Qxa3 13.Ne5 Rfd8 14.Nxd7 Rxd7 15.c5
Re8 16.f4 b6 17.Na4 b5 18.Qb2 Qxb2 19.Nxb2 a5 20.e3 Rb7 21.Bf1 Ne4 22.Bd3 
f6 23.Bxe4 Bxe4 24.Rad1 Kf7 25.Nd3 Ra8 26.Nf2 b4 27.Nxe4 dxe4 28.Re2 a4 
29.bxa4 Rxa4 30.Rb1 Ke7 31.Kf2 Rba7 32.Rbb2 g6 33.Rec2 e5 34.fxe5 fxe5 35.
Rd2 Ke6 36.dxe5 Kxe5 37.Ke2 R7a5 38.Rbc2 Ra3 39.h3 Rc3 40.Rb2 Raa3 41.Rxb4
Rxe3+ 42.Kd1 Rxg3 43.Kc1 Rxh3 44.Kb2 Ra5 45.Rd6 Rh2+ 46.Kb1 Raxa2 0-1

[Event "POL-chT3"]
[Site "Jastrzebia Gora POL"]
[Date "2015.??.??"]
[Round "3.33"]
[White "Swic, Waldemar"]
[Black "Garbowski, Jakub"]
[Result "1-0"]
[WhiteElo "2345"]
[BlackElo "2049"]
[EventDate "2015.??.??"]
[WhiteTitle "FM"]
[BlackTitle "I+"]

1.Nf3 Nf6 2.g3 g6 3.Bg2 Bg7 4.O-O d5 5.d4 O-O 6.c4 dxc4 7.Ne5 c5 8.d5 Nbd7
9.Nxc4 Nb6 10.Nxb6 Qxb6 11.Nc3 Rd8 12.Qb3 Nd7 13.Bg5 Bf6 14.Qxb6 axb6 15.
Bxf6 Nxf6 16.Rfd1 Kg7 17.e4 e6 18.dxe6 Bxe6 19.h3 Nd7 20.f4 b5 21.Nxb5 
Bxa2 22.e5 Be6 23.Rxa8 Rxa8 24.Nc7 Rd8 25.Rd6 Bb3 26.Bxb7 Kf8 27.Bc6 Ke7 
28.Bxd7 Rxd7 29.Rxd7+ Kxd7 30.Nb5 f6 31.exf6 Ke6 32.Nc3 Bc2 33.Kf2 Kxf6 
34.Nd5+ Ke6 35.Ne3 Bd3 36.Kf3 h5 37.Kf2 Kd6 38.Ke1 c4 39.Kd2 Kc5 40.Kc3 
Be2 41.g4 h4 42.g5 Kb5 43.f5 gxf5 44.g6 Bh5 45.g7 Bf7 46.Nxf5 Kc5 47.Nxh4 
Kd5 48.Nf5 Ke6 49.Nh6 Kf6 50.Nxf7 1-0

[Event "POL-chT3"]
[Site "Jastrzebia Gora POL"]
[Date "2015.??.??"]
[Round "3.34"]
[White "Siedlinski, Piotr"]
[Black "Gradowski, Jacek"]
[Result "1-0"]
[WhiteElo "2072"]
[BlackElo "2137"]
[EventDate "2015.??.??"]
[WhiteTitle "k"]
[BlackTitle "I+"]

1.e4 e5 2.Nf3 Nc6 3.Nc3 Nf6 4.d4 exd4 5.Nxd4 Bb4 6.Nxc6 bxc6 7.Bd3 Qe7 8.
O-O O-O 9.Qf3 h6 10.Bd2 Rb8 11.Rae1 d6 12.Qg3 Nh5 13.Qf3 Qh4 14.e5 g5 15.
Re4 g4 16.Qe2 d5 17.g3 Qe7 18.Rxg4+ Bxg4 19.Qxg4+ Ng7 20.Bxh6 Qxe5 21.Bf4 
Qe6 22.Qh4 f5 23.Ne2 Be7 24.Qh3 c5 25.Bxc7 Rxb2 26.Nf4 Qf7 27.Be5 Rb6 28.
g4 Bf6 29.Bxf6 Rxf6 30.g5 Rb6 31.g6 Rxg6+ 32.Nxg6 Qxg6+ 33.Kh1 c4 34.Be2 
f4 35.Bf3 Rf5 36.Rg1 Qf6 37.Qg2 d4 38.Bd5+ Kh8 39.Qh3+ Nh5 40.Be4 Rg5 41.
Rxg5 Qxg5 42.Bf3 d3 43.cxd3 c3 44.Bxh5 Kg7 45.Bd1 Qe5 46.Qg2+ Kh6 47.Qe4 
Qc7 48.Bc2 Kg5 49.d4 Qc4 50.Qf5+ Kh4 51.Qxf4+ Kh5 52.Qf5+ Kh4 53.Qf6+ Kg4 
54.Bd1+ Kh3 55.Qh6# 1-0

[Event "POL-chT3"]
[Site "Jastrzebia Gora POL"]
[Date "2015.??.??"]
[Round "3.35"]
[White "Flis, Pawel"]
[Black "Rosicki, Marcin"]
[Result "0-1"]
[WhiteElo "2017"]
[BlackElo "1826"]
[EventDate "2015.??.??"]
[WhiteTitle "k"]
[BlackTitle "I"]

1.Nf3 Nf6 2.g3 d5 3.Bg2 c6 4.O-O Bf5 5.b3 e6 6.Bb2 Be7 7.d3 h6 8.Nbd2 O-O 
9.Qe1 Nbd7 10.e4 Bh7 11.Qe2 dxe4 12.dxe4 Nc5 13.Rad1 Qc7 14.Ne5 Rad8 15.
Ng4 Ncd7 16.Rfe1 Nxg4 17.Qxg4 Nf6 18.Qe2 Rd7 19.Nc4 Rfd8 20.Rxd7 Qxd7 21.
Bc3 Ne8 22.Ne5 Qc7 23.Ng4 Bc5 24.h4 Qxg3 25.h5 Qxc3 0-1

[Event "POL-chT3"]
[Site "Jastrzebia Gora POL"]
[Date "2015.??.??"]
[Round "3.36"]
[White "Guzik, Jolanta"]
[Black "Antolak, Julia"]
[Result "1/2-1/2"]
[WhiteElo "1980"]
[BlackElo "1945"]
[EventDate "2015.??.??"]
[WhiteTitle "WFM"]
[BlackTitle "k+"]

1.b4 e5 2.Bb2 Bxb4 3.Bxe5 Nf6 4.Nf3 O-O 5.e3 d5 6.Be2 Be7 7.c4 c5 8.Bb2 
Nc6 9.cxd5 Nxd5 10.O-O Be6 11.d4 cxd4 12.Nxd4 Nxd4 13.Bxd4 Nb4 14.Bf3 Bf5 
15.Na3 Nc6 16.Bb2 Bd3 17.Be2 Bxe2 18.Qxe2 Bf6 19.Rfd1 Qe7 20.Bxf6 Qxf6 21.
Rab1 b6 22.Nb5 Rfd8 23.Qc4 Ne5 24.Qe4 Rxd1+ 25.Rxd1 Rd8 26.Rxd8+ Qxd8 27.
h3 Qb8 28.Nxa7 Qxa7 29.Qxe5 h6 30.Qe8+ Kh7 31.a4 Qc7 32.g3 f6 33.h4 Qc2 
34.Qb5 Qd1+ 35.Kg2 Qd6 36.e4 Qd4 37.Qf5+ Kh8 38.Qc8+ Kh7 39.Qc2 Kh8 40.Qc6
Kh7 41.Qe8 Qb4 42.h5 Qd4 43.f4 Qd2+ 44.Kh3 Qe2 45.e5 Qf1+ 46.Kg4 Qe2+ 47.
Kf5 fxe5 48.fxe5 Qf3+ 49.Ke6 Qg4+ 50.Kd6 Qd4+ 51.Kc7 1/2-1/2

[Event "POL-chT3"]
[Site "Jastrzebia Gora POL"]
[Date "2015.??.??"]
[Round "3.37"]
[White "Hnydiuk, Aleksander"]
[Black "Marszalek, Maciej"]
[Result "1-0"]
[WhiteElo "2354"]
[BlackElo "2330"]
[EventDate "2015.??.??"]
[WhiteTitle "IM"]
[BlackTitle "m"]

1.d4 d5 2.c4 c6 3.cxd5 cxd5 4.Bf4 Qb6 5.Nc3 Nf6 6.e3 e6 7.Bd3 Bd7 8.Rb1 
Nc6 9.Nf3 Rc8 10.O-O Be7 11.Ne5 Nb4 12.Be2 a6 13.a3 Nc6 14.Bd3 Na7 15.Bg5 
Bc6 16.f4 g6 17.Qe1 Bb5 18.Nxb5 Nxb5 19.Qh4 Qd8 20.f5 Ne4 21.Bxe7 Qxe7 22.
Qxe7+ Kxe7 23.Bxe4 dxe4 24.f6+ 1-0

[Event "POL-chT3"]
[Site "Jastrzebia Gora POL"]
[Date "2015.??.??"]
[Round "3.38"]
[White "Weissbein, Thomas"]
[Black "Helis, Tadeusz"]
[Result "1/2-1/2"]
[WhiteElo "2260"]
[BlackElo "2228"]
[EventDate "2015.??.??"]
[WhiteTitle "k+"]
[BlackTitle "FM"]

1.e4 c5 2.c3 d5 3.exd5 Qxd5 4.d4 Nc6 5.Nf3 Bg4 6.dxc5 Qxd1+ 7.Kxd1 e5 8.b4
e4 9.h3 Bh5 10.g4 exf3 11.gxh5 a5 12.Bb5 Ne7 13.a3 axb4 14.cxb4 O-O-O+ 15.
Bd2 g6 16.Kc1 Bg7 17.Ra2 Nf5 18.Bc3 Nfd4 19.Bxc6 bxc6 20.Bxd4 Rxd4 21.Rd1 
Rhd8 22.Rxd4 Rxd4 23.hxg6 fxg6 24.Nd2 Bh6 25.Kd1 Rd3 26.Ke1 Bxd2+ 27.Rxd2 
Rxa3 28.Rd6 Kb7 29.Rd7+ Ka6 30.Rxh7 Kb5 31.Rh4 Rb3 32.Rf4 Rxb4 33.Rxf3 
Kxc5 34.Rg3 Re4+ 35.Kd2 Re6 36.h4 Kb4 37.Rg4+ Kb5 38.Rg5+ c5 39.h5 gxh5 
40.Rxh5 Kb4 41.Rh8 Rd6+ 42.Ke3 c4 43.Rb8+ Ka3 44.Rc8 Kb3 45.Rb8+ Kc2 46.
Rc8 c3 47.f4 Kb2 48.f5 c2 49.Rb8+ Kc1 50.Rc8 Kd1 51.Ke4 Kd2 52.Ke5 Rd3 53.
f6 Re3+ 54.Kd5 Rf3 55.Ke6 Rxf6+ 56.Kd5 1/2-1/2

[Event "POL-chT3"]
[Site "Jastrzebia Gora POL"]
[Date "2015.??.??"]
[Round "3.39"]
[White "Osipow, Nikolaj"]
[Black "Widla, Piotr"]
[Result "1-0"]
[WhiteElo "2117"]
[BlackElo "2009"]
[EventDate "2015.??.??"]
[WhiteTitle "k"]
[BlackTitle "I++"]

1.d4 Nf6 2.Nf3 e6 3.e3 b6 4.Be2 Bb7 5.O-O Be7 6.b3 O-O 7.c4 c5 8.Bb2 d6 9.
Nc3 cxd4 10.Nxd4 a6 11.Bf3 Qc7 12.Rc1 Nbd7 13.Qe2 Rac8 14.Rfd1 Ne5 15.Bxb7
Qxb7 16.f4 Ned7 17.Qf3 Qxf3 18.gxf3 Rfd8 19.f5 e5 20.Nde2 g6 21.Ng3 Nc5 
22.Kf2 h5 23.fxg6 fxg6 24.Ba3 h4 25.Nf1 Rf8 26.Bxc5 dxc5 27.Ke2 Rce8 28.
Nd2 Kh7 29.Nde4 Nxe4 30.Nxe4 Rd8 31.Rxd8 Rxd8 32.Rd1 Rxd1 33.Kxd1 Kh6 34.
Ke2 Kh5 35.Kd3 g5 36.Nf2 b5 37.Ke4 bxc4 38.bxc4 Bd6 39.h3 Kg6 40.Kd5 Bb8 
41.Ke6 Bc7 42.Ne4 Kh5 43.Kf5 Bd8 44.Kxe5 Kg6 45.Kd5 Kf5 46.Nd6+ 1-0

[Event "POL-chT3"]
[Site "Jastrzebia Gora POL"]
[Date "2015.??.??"]
[Round "3.40"]
[White "Szewczyk, Grzegorz"]
[Black "Szmyd, Arkadiusz"]
[Result "0-1"]
[WhiteElo "1989"]
[BlackElo "2137"]
[EventDate "2015.??.??"]
[WhiteTitle "I++"]
[BlackTitle "k"]

1.d4 e6 2.c4 b6 3.e4 Bb7 4.Bd3 Bb4+ 5.Kf1 Be7 6.Nc3 d6 7.f4 Nd7 8.Qg4 g6 
9.Nge2 f5 10.Qh3 Ngf6 11.exf5 exf5 12.Bd2 O-O 13.d5 a5 14.Nd4 Nc5 15.Re1 
Re8 16.Be2 Bf8 17.Rg1 Bg7 18.Ncb5 Qd7 19.Qh4 Ba6 20.Bc1 Ng4 21.h3 Bf6 22.
Qg3 Ne4 23.Qb3 Nh2# 0-1

[Event "POL-chT3"]
[Site "Jastrzebia Gora POL"]
[Date "2015.??.??"]
[Round "3.41"]
[White "Knopik, Krzysztof"]
[Black "Popiol, Michal"]
[Result "0-1"]
[WhiteElo "2150"]
[BlackElo "1931"]
[EventDate "2015.??.??"]
[WhiteTitle "k"]
[BlackTitle "II+"]

1.e4 e6 2.Nf3 d5 3.Nc3 d4 4.Ne2 c5 5.c3 Nf6 6.e5 Nfd7 7.cxd4 cxd4 8.Nexd4 
Nxe5 9.Bb5+ Nec6 10.O-O Bd7 11.Nb3 Nb4 12.Be2 Qb6 13.Ne5 Ba4 14.Nc4 Qc7 
15.d3 N8c6 16.Be3 Rd8 17.Qb1 Nd5 18.Rc1 Nxe3 19.Nxe3 Bd6 20.Nd2 Bxh2+ 21.
Kh1 Be5 22.Nf3 Bf6 23.b3 Bb5 24.a4 Bxd3 25.Bxd3 Bxa1 26.Qxa1 Rxd3 27.Qxg7 
Rf8 28.b4 Qe7 29.b5 f6 30.Qg4 Nd8 31.Rc8 Rd7 32.Ra8 b6 33.Nd4 f5 34.Qh5+ 
Qf7 35.Qh4 Qf6 36.Qh5+ Qg6 37.Qh4 Qf6 38.Qh5+ Rff7 39.Nc6 Kf8 40.Nc4 Rd5 
41.N4e5 Rc7 42.f4 Kg7 43.Kg1 Nxc6 44.bxc6 Rd8 45.Rxd8 Qxd8 46.Qf3 Qd4+ 47.
Kh1 Kf8 48.a5 b5 49.Nd7+ Ke7 50.Ne5 Kd6 51.Kh2 b4 52.g3 Qd5 53.Qe3 h5 54.
a6 h4 55.gxh4 Rg7 56.Qf2 Qd1 57.Nc4+ Kxc6 58.Ne3 Qd3 59.Nc2 Qe4 60.Nd4+ 
Kd5 61.Qa2+ Kxd4 62.Qb2+ Ke3 63.Qxg7 Qxf4+ 64.Kh3 Qg4+ 0-1

[Event "POL-chT3"]
[Site "Jastrzebia Gora POL"]
[Date "2015.??.??"]
[Round "3.42"]
[White "Wesolowska, Hanna"]
[Black "Gonsior, Monika"]
[Result "0-1"]
[WhiteElo "1994"]
[BlackElo "1952"]
[EventDate "2015.??.??"]
[WhiteTitle "WFM"]
[BlackTitle "m"]

1.d4 e6 2.Nf3 b6 3.Bf4 Bb7 4.e3 Nf6 5.Be2 Be7 6.O-O Nh5 7.Be5 d6 8.Bg3 
Nxg3 9.hxg3 h5 10.Nbd2 h4 11.g4 Nd7 12.Nh2 h3 13.g3 c5 14.Bf3 d5 15.c4 Bd6
16.cxd5 exd5 17.Re1 O-O 18.Nc4 Bc7 19.dxc5 Nxc5 20.Na3 Be5 21.Rb1 Qf6 22.
Re2 Rad8 23.Nb5 Ba6 24.a4 d4 25.exd4 Bxd4 26.Qc2 Ne6 27.Qf5 Qh6 28.Qh5 Qf6
29.Qf5 g6 30.Qxf6 Bxf6 31.Re4 Rd2 32.Re2 Rfd8 33.b3 Rd1+ 34.Re1 Rxe1+ 35.
Rxe1 Rd2 36.Nf1 Rb2 37.Bd5 Nc5 38.Kh2 Nd3 0-1

[Event "POL-chT3"]
[Site "Jastrzebia Gora POL"]
[Date "2015.??.??"]
[Round "3.43"]
[White "Zochowski, Kacper"]
[Black "Janik, Igor"]
[Result "1-0"]
[WhiteElo "2230"]
[BlackElo "2387"]
[EventDate "2015.??.??"]
[WhiteTitle "k"]
[BlackTitle "I++"]

1.e4 c5 2.Nf3 d6 3.d4 cxd4 4.Nxd4 Nf6 5.Nc3 g6 6.Be3 Bg7 7.f3 O-O 8.Qd2 
Nc6 9.O-O-O d5 10.Qe1 e5 11.Nxc6 bxc6 12.exd5 Nxd5 13.Bc4 Be6 14.Ne4 Qc7 
15.Bc5 Rfd8 16.g4 Nf4 17.Qc3 Bd5 18.Be3 Rab8 19.g5 Bxc4 20.Rxd8+ Rxd8 21.
Qxc4 Nd5 22.Bc5 Qd7 23.Qd3 Nf4 24.Qxd7 Rxd7 25.b4 a6 26.Kb2 Rd5 27.Kb3 Ne6
28.Ka4 f5 29.gxf6 Bf8 30.Bxf8 Kxf8 31.h4 h6 32.Rh2 Nd4 33.c4 Rd8 34.Rd2 
Re8 35.Rd3 Nf5 36.Rd7 Re6 37.Rd8+ Kf7 38.Rd7+ Kf8 39.Ka5 Ke8 40.Rh7 Nxh4 
41.Rxh6 Nxf3 42.Rh8+ Kf7 43.Rh3 1-0

[Event "POL-chT3"]
[Site "Jastrzebia Gora POL"]
[Date "2015.??.??"]
[Round "3.44"]
[White "Lisowski, Krzysztof"]
[Black "Smieszek, Wojciech"]
[Result "0-1"]
[WhiteElo "2137"]
[BlackElo "2154"]
[EventDate "2015.??.??"]
[WhiteTitle "k"]
[BlackTitle "k"]

1.e4 c5 2.Nf3 g6 3.c3 Bg7 4.Be2 d5 5.exd5 Qxd5 6.Na3 Nc6 7.O-O a6 8.Nc4 
Qd8 9.a4 Nf6 10.d3 Nd5 11.Re1 O-O 12.Bf1 Qc7 13.Ne3 Rd8 14.Nxd5 Rxd5 15.
Qb3 Be6 16.Qa3 Ne5 17.Nxe5 Bxe5 18.g3 Rad8 19.Be3 b6 20.a5 b5 21.c4 b4 22.
Qb3 R5d7 23.Qc2 Bf5 24.Red1 h5 25.f4 Bf6 26.Qf2 Bd4 27.Bxd4 Rxd4 28.Qe3 
Qd6 29.Re1 e6 30.Qe5 Bxd3 31.Qxd6 R8xd6 32.Re5 Bxf1 0-1

[Event "POL-chT3"]
[Site "Jastrzebia Gora POL"]
[Date "2015.??.??"]
[Round "3.45"]
[White "Borawski, Jakub"]
[Black "Jedra, Waldemar"]
[Result "1-0"]
[WhiteElo "2020"]
[BlackElo "1986"]
[EventDate "2015.??.??"]
[WhiteTitle "I++"]
[BlackTitle "I"]

1.e4 c6 2.d4 d5 3.Nc3 dxe4 4.Nxe4 Bf5 5.Ng3 Bg6 6.Bc4 e6 7.N1e2 Nf6 8.O-O 
Nbd7 9.f4 Nb6 10.Bb3 Qd7 11.c3 Bd6 12.Bc2 Bxc2 13.Qxc2 g6 14.Kh1 Nbd5 15.
c4 Ne7 16.Ne4 Nxe4 17.Qxe4 O-O 18.b3 Rad8 19.Bb2 Nf5 20.Rad1 Rfe8 21.Ng1 
Bf8 22.Nf3 Bg7 23.Ne5 Qc7 24.Rd3 Nd6 25.Qf3 f6 26.Ng4 f5 27.Ne5 Ne4 28.
Rfd1 a5 29.a4 Qe7 30.h3 Qh4 31.Kg1 Bh6 32.Bc1 Re7 33.Be3 Rg7 34.Kh2 Qe7 
35.d5 cxd5 36.cxd5 Rxd5 37.Rxd5 exd5 38.Rxd5 Qc7 39.Qd1 Re7 40.Qd4 Re8 41.
Rd7 Qc5 42.Nf7 Bxf4+ 43.Bxf4 Qxd4 44.Nh6+ Kh8 45.Rxd4 Nc5 46.Rd8 1-0

[Event "POL-chT3"]
[Site "Jastrzebia Gora POL"]
[Date "2015.??.??"]
[Round "3.46"]
[White "Migala, Andrzej"]
[Black "Czaplewska, Klara"]
[Result "1-0"]
[WhiteElo "1984"]
[BlackElo "1914"]
[EventDate "2015.??.??"]
[WhiteTitle "I++"]
[BlackTitle "I++"]

1.e4 e5 2.Nf3 Nc6 3.c3 Nf6 4.d4 d6 5.Nbd2 g6 6.Bb5 exd4 7.cxd4 a6 8.Bxc6+ 
bxc6 9.Qc2 Bd7 10.O-O Bg7 11.e5 Nd5 12.exd6 cxd6 13.Re1+ Ne7 14.Ne4 Bf5 
15.Qe2 Ra7 16.Bg5 Bxe4 17.Qxe4 f6 18.Bf4 d5 19.Qe6 Qd7 20.Bd6 Qxe6 21.Rxe6
Kf7 22.Rae1 Nf5 23.Bc5 Rc7 24.g4 Nh6 25.h3 Rhc8 26.Re7+ Kg8 27.Rxc7 Rxc7 
28.Re8+ Kf7 29.Ra8 Ke6 30.Rxa6 Nf7 31.b4 Nd6 32.Bxd6 Kxd6 33.b5 Kd7 34.b6 
Rb7 35.a4 Bf8 36.Ra8 Bb4 37.a5 c5 38.a6 Rxb6 39.a7 1-0